[Event "Stuttgart-chA int"]
[Site "Ditzingen"]
[Date "2006.05.26"]
[Round "4"]
[White "Janata, Andreas"]
[Black "Kohler, Tilman"]
[Result "1-0"]
[WhiteElo "1998"]
[BlackElo "1690"]
[PlyCount "55"]
[EventDate "2006.05.25"]
[EventType "swiss"]
[EventRounds "7"]
[EventCountry "GER"]
[SourceTitle "EXT 2018"]
[Source "ChessBase"]
[SourceDate "2017.10.13"]
[SourceVersion "1"]
[SourceVersionDate "2017.10.13"]
[SourceQuality "1"]

1. d4 e6 2. c4 d5 3. cxd5 exd5 4. Nc3 Nf6 5. Bg5 Be7 6. Qc2 0-0 7. e3 b6 8. Bd3 g6 9. Nge2 Bb7 10. h4 Ne4 11. Nxe4 dxe4 12. Bxe4 Bxe4 13. Qxe4 Bxg5 14. hxg5 Nd7 15. Qh4 Re8 16. Qxh7+ Kf8 17. Qh6+ Ke7 18. Nf4 c5 19. dxc5 bxc5 20. Nxg6+ fxg6 21. Qg7+ Ke6 22. Qxg6+ Kd5 23. 0-0-0+ Kc4 24. Qa6+ Kb4 25. a3+ Kb3 26. Rd3+ Ka2 27. Qc4+ Ka1 28. Kc2# 1-0

[Event "Stuttgart-chB int"]
[Site "Ditzingen"]
[Date "2005.05.08"]
[Round "7"]
[White "Kohler, Tilman"]
[Black "Filenberg, Maksim"]
[Result "1-0"]
[WhiteElo "1653"]
[BlackElo "1387"]
[PlyCount "77"]
[EventDate "2005.05.05"]
[EventType "swiss"]
[EventRounds "7"]
[EventCountry "GER"]
[SourceTitle "EXT 2018"]
[Source "ChessBase"]
[SourceDate "2017.10.13"]
[SourceVersion "1"]
[SourceVersionDate "2017.10.13"]
[SourceQuality "1"]

1. d4 Nf6 2. c4 e6 3. Nc3 Bb4 4. Bd2 Bxc3 5. Bxc3 Ne4 6. e3 b6 7. Bd3 Nxc3 8. bxc3 Bb7 9. e4 Qe7 10. Qg4 g6 11. Qg3 d6 12. Ne2 Nd7 13. 0-0 f5 14. f3 Nf6 15. Nf4 fxe4 16. fxe4 e5 17. dxe5 dxe5 18. Nd5 Nxd5 19. cxd5 0-0-0 20. Qe3 Rhf8 21. c4 Rxf1+ 22. Rxf1 Ba6 23. Rc1 Qa3 24. Qd2 Qc5+ 25. Qf2 Qa3 26. Qd2 Qc5+ 27. Kh1 Rf8 28. h3 Rf4 29. Qc3 Qe7 30. c5 Bxd3 31. Qxd3 bxc5 32. Qa6+ Kd8 33. Rb1 Qd6 34. Rb8+ Ke7 35. Qc8 Qd7 36. Qh8 Rf1+ 37. Kh2 Rf6 38. Qg7+ Rf7 39. Qxe5+ 1-0